Strategic management of business performance based on innovations and information support in specific conditions of Slovakia

Dotazníkový prieskum so zámerom vyhodnotiť výkonnosť podniku. Ukazovatele: ROE (návratnosť kapitálu), miera využitia Balance Score Card BSC, typ organizačnej štruktúry podniku, miera využitia informačných systémov a súbor využívaných nástrojov a ukazovateľov výkonnosti v podniku.

Saved in:
Bibliographic Details
Main Author: Rajnoha, Rastislav
Other Authors: Lorincová, Silvia
Format: Book Chapter
Language:English
Subjects:
Tags: Add Tag
No Tags, Be the first to tag this record!

MARC

LEADER 00000nla a2200000 4500
001 0205171
005 20240417075058.4
041 0 |a eng 
044 |a CZ 
245 1 0 |a Strategic management of business performance based on innovations and information support in specific conditions of Slovakia  |c Rastislav Rajnoha, Silvia Lorincová 
520 |a Dotazníkový prieskum so zámerom vyhodnotiť výkonnosť podniku. Ukazovatele: ROE (návratnosť kapitálu), miera využitia Balance Score Card BSC, typ organizačnej štruktúry podniku, miera využitia informačných systémov a súbor využívaných nástrojov a ukazovateľov výkonnosti v podniku. 
610 2 0 |a manažment strategický 
610 2 0 |a výkonnosť podniku 
610 2 0 |a inovácia 
100 1 |a Rajnoha, Rastislav 
700 1 |a Lorincová, Silvia